000 00280nam a22001217a 4500
020 _a0-521-23470-0
082 _a621.3815 MAZ'D
100 _aMAZDA, F. F
_968015
245 _aDISCRETE ELECTRONIC COMPONENTS
260 _aLONDON
_bCANBRIDGE
_c1981
300 _a177P
942 _cBK
999 _c580736
_d580736